000 00565nam a22001697a 4500
003 OSt
005 20240927155301.0
008 240927b |||||||| |||| 00| 0 eng d
040 _c0
082 _aDPer 050 R22 2000 June -December 2023 v123 no. 7124-728
100 _aAshenburg, Katherine.
_eauthor.
_961748
245 _aBody & mind :
_bJust add poles /
_cKatherine Ashenburg.
260 _aTaipei ;
_bReader's Digest Asia,
_cJune 2023.
300 _aVolume 123, pages 72-73 ,
_b illustration.
700 _aAshenburg, Katherine.
_eauthor.
_961715
942 _2ddc
_cPER
999 _c21967
_d21967